UBT Library

HEALTHH CARE USA (Record no. 59037)

000 -LEADER
fixed length control field 00326nam a22001457a 4500
008 - FIXED-LENGTH DATA ELEMENTS--GENERAL INFORMATION
fixed length control field 221130b ||||| |||| 00| 0 eng d
020 ## - INTERNATIONAL STANDARD BOOK NUMBER
International Standard Book Number 9781284065480
041 ## - LANGUAGE CODE
Language code of text/sound track or separate title eng
080 ## - UNIVERSAL DECIMAL CLASSIFICATION NUMBER
Edition identifier eighth edition
Universal Decimal Classification number 34
082 ## - DEWEY DECIMAL CLASSIFICATION NUMBER
Classification number 34 SUL
100 ## - Rafti
Rafti 31.1
101 ## - Shkurtesa
Shkurtesa JURE
245 ## - TITLE STATEMENT
Title HEALTHH CARE USA
Statement of responsibility, etc SULTZ A.H
942 ## - ADDED ENTRY ELEMENTS (KOHA)
Source of classification or shelving scheme
Item type Books
Holdings
Withdrawn status Lost status Source of classification or shelving scheme Damaged status Not for loan Collection code Permanent location Current location Date acquired Total Checkouts Full call number Barcode Date last seen Price effective from Koha item type
          Koleksioni i përgjithshem UBT - Lipjan UBT - Lipjan 11/30/2022   34 SUL 002-800028700260872 11/30/2022 11/30/2022 Books
UBT Library © 2015-2024. All rights reserved University Education for Business and Technology